000 00586nam a22001697a 4500
005 20250919160225.0
100 _aPartes, C.
245 _aBio-based Rayon For Sustainable Tire Reinforcement
260 _bInternational Rubber Conference-rubber Con 2024: Sustainable Development In Rubber Industry-challenges And Opportunities, 5-7 December 2024, Indian Rubber Institute, Kochi, India, P. 26.
_c2024
300 _bAbstract only
650 _aBio-based
650 _aSustainability
650 _aTire reinforcement
650 _aGeo-textiles
700 _aKuhlmann, U.
942 _cJS
999 _c75587
_d75587